000 01126nam a2200289 i 4500
001 8774
003 KOSZ 005
005 20220330134250.0
008 071002s1968 pl g 000 0 pol
015 _aPB 1968/10253
040 _aWA N
_cKOSZ 005/ID
041 1 _apol
_heng
080 _a800:37
100 1 _aBillows, Frederik Lionel
_d(1909-2004).
_eAutor
245 1 0 _aTechnika nauczania języków obcych /
_cF. L. Billows ; tł. Bronisława Jasińska, Barbara Pawłowska.
246 1 _iTyt. oryg.:
_aTechniques of language teaching.
260 _aWarszawa :
_bPaństwowe Zakłady Wydawnictw Szkolnych,
_cdr. 1968.
300 _a237, [3] s. ;
_c23 cm.
380 _aKsiążki.
500 _aTyt. oryg.: The techniques of language teaching.
650 4 _aJęzyki
_xnauczanie.
710 2 _aPaństwowe Zakłady Wydawnictw Szkolnych
_4pbl.
700 1 _aJasińska, Bronisława
_eTłumaczenie
700 1 _aPawłowska, Barbara Elżbieta
_eTłumaczenie
856 _uhttp://koha.tu.koszalin.pl/cgi-bin/koha/opac-detail.pl?biblionumber=8774
_yKatalog online BPK
942 _2UKD
_cKS
999 _c8774
_d8774